000 00960cam a2200277 i 4500
999 _c26798
_d26798
001 4629727
003 ARRUPE
005 20170922123140.0
008 780426s1979 inu b 001 0 eng
010 _a 78051522
020 _a0268009066 :
_c$15.95
040 _aDLC
_cDLC
_dDLC
050 0 0 _aGF80
_b.E84
082 0 0 _a301.31
245 0 0 _aEthics and problems of the 21st century /
_cedited by K. E. Goodpaster and K. M. Sayre.
260 _aNotre Dame, Ind. :
_bUniversity of Notre Dame Press,
_cc1979.
300 _axi, 210 p. ;
_c24 cm.
504 _aIncludes bibliographical references and index.
650 0 _aEnvironmental ethics.
_936167
650 0 _aSocial ethics.
_936168
650 0 _aTechnology
_xMoral and ethical aspects.
_936169
650 0 _aTwenty-first century.
_936170
700 1 _aGoodpaster, Kenneth E.,
_d1944-
_936171
700 1 _aSayre, Kenneth M.,
_d1928-
_921609
906 _a7
_bcbc
_corignew
_d1
_eocip
_f19
_gy-gencatlg
942 _2lcc
_cMONOGRAPH